Catalog

Record Details

Catalog Search



The family book  Cover Image Book Book

The family book / by Todd Parr.

Parr, Todd. : (author).

Summary:

Represents a variety of families, some big and some small, some with only one parent and some with two moms or dads, some quiet and some noisy, but all alike in some ways and special no matter what.

Record details

  • ISBN: 9780316070409 (pbk.)
  • ISBN: 0316070408 (pbk.)
  • Physical Description: 32 pages : chiefly color illustrations ; 25 cm.
  • Publisher: London : Little, Brown Young Readers, 2010.

Content descriptions

General Note:
Originally published in hardcover in 2003 by Little, Brown and Company.
Subject: Families > Juvenile fiction.
Individuality > Juvenile fiction.
Animals > Fiction.
Family relationships > Fiction.
Comparisons > Fiction.
Different and similar things > Fiction.
Difference (Psychology) > Fiction.
Genre: Picture books.
Juvenile literature.

Available copies

  • 0 of 1 copy available at scottsboropl.

Holds

  • 0 current holds with 1 total copy.
Show Only Available Copies
Location Call Number / Copy Notes Barcode Shelving Location Status Due Date
scottsboropl E Par 32269000877665 Juvenile - Easy Checked out 04/13/2026

LDR 01389cam a22003378a 4500
001133283
003SBPL
00520140703073307.0
008100210s2010 enka j 000 0 eng
020 . ‡a9780316070409 (pbk.)
020 . ‡a0316070408 (pbk.)
035 . ‡a(CONS)133283
035 . ‡a(CPomAG)LMN505332
08204. ‡a306.85 ‡222
1001 . ‡aParr, Todd. : ‡eauthor
24514. ‡aThe family book / ‡cby Todd Parr.
260 . ‡aLondon : ‡bLittle, Brown Young Readers, ‡c2010.
300 . ‡a32 pages : ‡bchiefly color illustrations ; ‡c25 cm.
500 . ‡aOriginally published in hardcover in 2003 by Little, Brown and Company.
520 . ‡aRepresents a variety of families, some big and some small, some with only one parent and some with two moms or dads, some quiet and some noisy, but all alike in some ways and special no matter what.
650 0. ‡aFamilies ‡vJuvenile fiction.
650 0. ‡aIndividuality ‡vJuvenile fiction.
650 0. ‡aAnimals ‡vFiction.
650 0. ‡aFamily relationships ‡vFiction.
650 0. ‡aComparisons ‡vFiction.
650 0. ‡aDifferent and similar things ‡vFiction.
650 0. ‡aDifference (Psychology) ‡vFiction.
655 7. ‡aPicture books. ‡2lcgft
655 7. ‡aJuvenile literature.
901 . ‡a133283 ‡bUnknown ‡c133283 ‡tbiblio

Additional Resources